[Event "Forni di Sopra op 14th"]
[Site "Forni di Sopra"]
[Date "2023.06.11"]
[Round "2"]
[White "Gola, Giorgio"]
[Black "Bartolozzi, Roberto"]
[Result "1-0"]
[WhiteElo "2071"]
[BlackElo "1953"]
[PlyCount "71"]
[EventDate "2023.06.10"]
[EventType "swiss"]
[EventRounds "9"]
[EventCountry "ITA"]
[SourceTitle "CBM 214 Extra"]
[Source "ChessBase"]
[SourceDate "2023.07.31"]
[SourceVersion "1"]
[SourceVersionDate "2023.07.31"]
[SourceQuality "1"]

1. d4 Nf6 2. c4 e6 3. Nc3 d5 4. cxd5 exd5 5. Bg5 Be7 6. e3 c6 7. Bd3 Nbd7 8. h3 0-0 9. Qc2 Re8 10. Nf3 Nf8 11. 0-0 Nh5 12. Bxe7 Qxe7 13. Rab1 Nf6 14. b4 a6 15. a4 Be6 16. b5 axb5 17. axb5 c5 18. dxc5 Qxc5 19. Rfc1 Qd6 20. Nd4 Rec8 21. Qb2 N8d7 22. Ra1 Nb6 23. Rxa8 Rxa8 24. Ra1 Qd8 25. Nce2 Bd7 26. Nf4 Qe8 27. Rxa8 Qxa8 28. Qc3 Qc8 29. Qa3 Qe8 30. Qa7 Nc4 31. Bxc4 dxc4 32. Qxb7 c3 33. b6 Ba4 34. Qc7 c2 35. Nxc2 g5 36. b7 1-0

[Event "Lignano Bella Italia op 1st"]
[Site "Lignano Sabbiadoro"]
[Date "2022.08.19"]
[Round "4"]
[White "Gelle, Istvan"]
[Black "Bartolozzi, Roberto"]
[Result "1-0"]
[WhiteElo "2218"]
[BlackElo "1967"]
[PlyCount "107"]
[EventDate "2022.08.18"]
[EventType "swiss"]
[EventRounds "9"]
[EventCountry "ITA"]
[SourceTitle "CBM 210 Extra"]
[Source "ChessBase"]
[SourceDate "2022.11.30"]
[SourceVersion "1"]
[SourceVersionDate "2022.11.30"]
[SourceQuality "1"]

1. d4 Nf6 2. Bf4 g6 3. e3 Bg7 4. Nf3 d6 5. h3 0-0 6. Be2 c5 7. 0-0 b6 8. a4 a6 9. Nbd2 Bb7 10. Re1 Nbd7 11. Bh2 Ra7 12. Bf1 Qa8 13. c4 Rd8 14. d5 b5 15. e4 Ne8 16. cxb5 axb5 17. Bxb5 Bxb2 18. Rb1 Bg7 19. Nc4 Ba6 20. Bc6 Qc8 21. Qc2 Bxc4 22. Qxc4 Qc7 23. Bf4 Ne5 24. Bxe5 Bxe5 25. Nxe5 dxe5 26. Qxc5 Nd6 27. Qb6 Qxb6 28. Rxb6 Kg7 29. f3 Ra5 30. Rb4 h5 31. h4 Rc8 32. Reb1 f5 33. R1b3 fxe4 34. fxe4 Rd8 35. Rf3 Rc8 36. Kf2 Rc5 37. Kg3 Ra5 38. Kh3 Rh8 39. g4 hxg4+ 40. Kxg4 Rd8 41. Kh3 Rh8 42. Rg3 Kh6 43. Rg5 Rf8 44. Rxe5 Rf4 45. Kg3 Rf7 46. Rb8 Rc5 47. Rb3 Rc4 48. Re3 Rc1 49. Rf3 Nc4 50. Rxf7 Nxe5 51. Rxe7 Nxc6 52. dxc6 Rxc6 53. Re5 Rf6 54. a5 1-0

[Event "Lignano Bella Italia op 1st"]
[Site "Lignano Sabbiadoro"]
[Date "2022.08.18"]
[Round "2"]
[White "Bartolozzi, Roberto"]
[Black "Aaron, Deepak"]
[Result "0-1"]
[WhiteElo "1967"]
[BlackElo "2221"]
[PlyCount "68"]
[EventDate "2022.08.18"]
[EventType "swiss"]
[EventRounds "9"]
[EventCountry "ITA"]
[SourceTitle "CBM 210 Extra"]
[Source "ChessBase"]
[SourceDate "2022.11.30"]
[SourceVersion "1"]
[SourceVersionDate "2022.11.30"]
[SourceQuality "1"]

1. d4 e6 2. Nf3 Nf6 3. Bg5 h6 4. Bxf6 Qxf6 5. e4 d6 6. Bd3 g5 7. e5 Qe7 8. exd6 cxd6 9. Nc3 Bg7 10. 0-0 g4 11. Nd2 h5 12. Re1 Kf8 13. d5 e5 14. Nc4 f5 15. Nb5 Rh6 16. Qd2 Na6 17. Nd4 e4 18. Qf4 Qf6 19. Bxe4 fxe4 20. Qxe4 Nc7 21. Rad1 Qf7 22. f3 Bd7 23. fxg4 Re8 24. Qd3 Rxe1+ 25. Rxe1 hxg4 26. Ne6+ Nxe6 27. dxe6 Rxe6 28. Rf1 Rf6 29. Qxd6+ Rxd6 30. Rxf7+ Kxf7 31. Nxd6+ Ke7 32. Nxb7 Bd4+ 33. Kf1 Bb5+ 34. Ke1 Bc6 0-1

[Event "Lignano Bella Italia op 1st"]
[Site "Lignano Sabbiadoro"]
[Date "2022.08.18"]
[Round "3"]
[White "Player, Edmund C"]
[Black "Bartolozzi, Roberto"]
[Result "1-0"]
[WhiteElo "2202"]
[BlackElo "1967"]
[PlyCount "87"]
[EventDate "2022.08.18"]
[EventType "swiss"]
[EventRounds "9"]
[EventCountry "ITA"]
[SourceTitle "CBM 210 Extra"]
[Source "ChessBase"]
[SourceDate "2022.11.30"]
[SourceVersion "1"]
[SourceVersionDate "2022.11.30"]
[SourceQuality "1"]

1. e4 e6 2. d4 d5 3. Nd2 Nf6 4. e5 Nfd7 5. Bd3 c5 6. c3 Nc6 7. Ne2 cxd4 8. cxd4 f6 9. exf6 Nxf6 10. Nf3 Bd6 11. 0-0 Qc7 12. Bd2 0-0 13. Ng3 Bd7 14. Re1 Rae8 15. Bc3 e5 16. dxe5 Nxe5 17. Nxe5 Bxe5 18. Bxe5 Rxe5 19. Rc1 Rxe1+ 20. Qxe1 Qf4 21. Rc2 Re8 22. Qc1 Qb4 23. Qd2 Qh4 24. h3 Bc6 25. Nf5 Qh5 26. Rc1 Ne4 27. Bxe4 dxe4 28. Rc5 Qg6 29. Ne3 Qe6 30. a3 Qe7 31. Rc4 Rd8 32. Rd4 Rxd4 33. Qxd4 Qd7 34. Qxa7 h6 35. Qa5 Qd3 36. Qe5 Qd7 37. Kh2 Qf7 38. Kg1 Kh8 39. Nf5 Bd7 40. Nd6 Qg6 41. Kh2 e3 42. fxe3 Bc6 43. e4 h5 44. b4 1-0

[Event "Terre degli Elimi op 7th"]
[Site "Erice"]
[Date "2016.08.04"]
[Round "9"]
[White "Favaloro, Andrea"]
[Black "Bartolozzi, Roberto"]
[Result "1-0"]
[WhiteElo "2209"]
[BlackElo "1939"]
[PlyCount "75"]
[EventDate "2016.07.28"]
[EventType "swiss"]
[EventRounds "9"]
[EventCountry "ITA"]
[SourceTitle "EXT 2017"]
[Source "ChessBase"]
[SourceDate "2016.10.25"]
[SourceVersion "1"]
[SourceVersionDate "2016.10.25"]
[SourceQuality "1"]

1. b3 e5 2. Bb2 Nc6 3. e3 Nf6 4. Bb5 d6 5. Ne2 a6 6. Bxc6+ bxc6 7. 0-0 Be7 8. d3 Be6 9. Nd2 0-0 10. e4 Nd7 11. f4 f6 12. d4 c5 13. d5 Bf7 14. Nc4 Re8 15. Qd2 Bf8 16. Rae1 g6 17. Na5 Bg7 18. Nc6 Qc8 19. Rf2 exf4 20. Qxf4 Ne5 21. Bxe5 dxe5 22. Qe3 f5 23. Qxc5 Qd7 24. Qc3 f4 25. Qd2 Bf8 26. b4 g5 27. Nc1 g4 28. Nd3 Bg7 29. c4 Qd6 30. g3 f3 31. Qg5 Qg6 32. Ne7+ Rxe7 33. Qxe7 Bf6 34. Qxc7 Re8 35. Qc6 h5 36. h4 Qg7 37. Qxa6 Rf8 38. Nc5 1-0

[Event "Terre degli Elimi op 7th"]
[Site "Erice"]
[Date "2016.08.03"]
[Round "8"]
[White "Bartolozzi, Roberto"]
[Black "Ljubisavljevic, Zivojin Z"]
[Result "1/2-1/2"]
[WhiteElo "1939"]
[BlackElo "2136"]
[PlyCount "61"]
[EventDate "2016.07.28"]
[EventType "swiss"]
[EventRounds "9"]
[EventCountry "ITA"]
[SourceTitle "EXT 2017"]
[Source "ChessBase"]
[SourceDate "2016.10.25"]
[SourceVersion "1"]
[SourceVersionDate "2016.10.25"]
[SourceQuality "1"]

1. Nf3 c5 2. c4 Nc6 3. Nc3 e5 4. g3 d6 5. Bg2 f5 6. d3 Nf6 7. 0-0 Be7 8. Ne1 0-0 9. Nc2 h6 10. Ne3 f4 11. Ned5 g5 12. e3 Kg7 13. Nxf6 Bxf6 14. Be4 Be6 15. Nd5 Qd7 16. Kh1 Bg4 17. f3 Bh3 18. Rg1 fxg3 19. Rxg3 Bf5 20. Bd2 Kh7 21. Qf1 Bxe4 22. fxe4 Bg7 23. Qg2 Ne7 24. Nxe7 Qxe7 25. Rf1 Rxf1+ 26. Qxf1 Rf8 27. Rf3 Rxf3 28. Qxf3 Qf6 29. Kg2 Qxf3+ 30. Kxf3 h5 31. h3 1/2-1/2

[Event "Biella op"]
[Site "Biella"]
[Date "2014.09.28"]
[Round "4"]
[White "Migliorini, Matteo"]
[Black "Bartolozzi, Roberto"]
[Result "1-0"]
[WhiteElo "2085"]
[BlackElo "1977"]
[PlyCount "93"]
[EventDate "2014.09.26"]
[EventType "swiss"]
[EventRounds "5"]
[EventCountry "ITA"]
[SourceTitle "EXT 2016"]
[Source "ChessBase"]
[SourceDate "2015.10.08"]
[SourceVersion "1"]
[SourceVersionDate "2015.10.08"]
[SourceQuality "1"]

1. e4 e6 2. Nf3 d5 3. Nc3 Nf6 4. e5 Nfd7 5. d4 c5 6. dxc5 Bxc5 7. Bd3 Nc6 8. Bf4 f6 9. exf6 Nxf6 10. Qe2 0-0 11. 0-0-0 Bd7 12. Ne5 Nxe5 13. Bxe5 a6 14. g4 Ne8 15. f4 Bd6 16. Kb1 Bxe5 17. fxe5 Qh4 18. Rhf1 Nc7 19. Qe3 Nb5 20. Ne2 Qe7 21. Nf4 g6 22. Bxg6 hxg6 23. Nxg6 Qg7 24. Rxf8+ Rxf8 25. Nxf8 Qxf8 26. Qb6 Qc8 27. Rf1 Be8 28. Rf6 d4 29. a4 d3 30. cxd3 Qd7 31. Qxe6+ Qxe6 32. Rxe6 Bf7 33. Re7 Nd4 34. Rxb7 Bg6 35. Kc1 Bxd3 36. b4 Nf3 37. h3 Nxe5 38. Kd2 Bf1 39. Re7 Nc6 40. Rb7 Bxh3 41. Rb6 Ne5 42. Rxa6 Nc4+ 43. Kc3 Ne5 44. b5 Bxg4 45. b6 Bf3 46. Ra7 Nc6 47. b7 1-0

[Event "Biella op"]
[Site "Biella"]
[Date "2014.09.27"]
[Round "2"]
[White "Bardone, Lorenzo"]
[Black "Bartolozzi, Roberto"]
[Result "1-0"]
[WhiteElo "2072"]
[BlackElo "1977"]
[PlyCount "85"]
[EventDate "2014.09.26"]
[EventType "swiss"]
[EventRounds "5"]
[EventCountry "ITA"]
[SourceTitle "EXT 2016"]
[Source "ChessBase"]
[SourceDate "2015.10.08"]
[SourceVersion "1"]
[SourceVersionDate "2015.10.08"]
[SourceQuality "1"]

1. e4 e6 2. d3 d5 3. Nd2 Nf6 4. Ngf3 b6 5. g3 dxe4 6. dxe4 Bb7 7. Bd3 Nc6 8. 0-0 e5 9. Nc4 Bd6 10. Qe2 0-0 11. b3 Re8 12. Bb2 a5 13. a3 Qe7 14. Nxd6 cxd6 15. Nh4 Nd4 16. Bxd4 exd4 17. f3 g6 18. Qf2 Qe5 19. Rfe1 Rac8 20. a4 Re7 21. Rad1 Qc5 22. Rd2 d5 23. e5 Rce8 24. Rde2 Nd7 25. f4 Bc6 26. Nf3 f6 27. e6 Nf8 28. Nxd4 Bb7 29. Bb5 Rd8 30. f5 g5 31. Nc6 Bxc6 32. Qxc5 bxc5 33. Bxc6 h5 34. h4 Nh7 35. Rd1 d4 36. Bf3 g4 37. Bc6 Nf8 38. Bb5 Kg7 39. c3 Rd5 40. cxd4 cxd4 41. Rf2 Rc7 42. Bc4 Rd6 43. Rf4 1-0

[Event "Biella op"]
[Site "Biella"]
[Date "2014.09.26"]
[Round "1"]
[White "Bartolozzi, Roberto"]
[Black "Montilli, Vincenzo"]
[Result "0-1"]
[WhiteElo "1977"]
[BlackElo "2129"]
[PlyCount "110"]
[EventDate "2014.09.26"]
[EventType "swiss"]
[EventRounds "5"]
[EventCountry "ITA"]
[SourceTitle "EXT 2016"]
[Source "ChessBase"]
[SourceDate "2015.10.08"]
[SourceVersion "1"]
[SourceVersionDate "2015.10.08"]
[SourceQuality "1"]

1. d4 Nf6 2. Nf3 c5 3. e3 g6 4. c4 Bg7 5. Nc3 0-0 6. Be2 d6 7. 0-0 Nc6 8. d5 Nb8 9. e4 Nbd7 10. h3 a6 11. a4 Rb8 12. Bf4 Ne8 13. Qd2 Nc7 14. Bh6 Qe8 15. Bxg7 Kxg7 16. Nh2 f6 17. f4 f5 18. Bd3 fxe4 19. Nxe4 Nf6 20. Nxf6 exf6 21. Rfe1 Qd8 22. Re3 b5 23. axb5 axb5 24. cxb5 Nxd5 25. Ree1 Nb6 26. Ra7+ Rb7 27. Rea1 Rff7 28. Rxb7 Bxb7 29. Ng4 h5 30. Nf2 d5 31. f5 g5 32. Qd1 Qh8 33. Be2 h4 34. Qc1 Qf8 35. Ng4 Qd6 36. Ra7 Bc8 37. Rxf7+ Kxf7 38. Qc3 Kg7 39. Bd3 c4 40. Bc2 d4 41. Qa5 d3 42. Qa7+ Nd7 43. Bd1 Qb6+ 44. Qxb6 Nxb6 45. Kf2 Bd7 46. Ke3 Bxb5 47. Kd4 Nd7 48. Kd5 Kf7 49. Kd6 d2 50. Nh6+ Kg7 51. Ng4 Nb6 52. Ne3 Na4 53. b3 cxb3 54. Bxb3 Nc3 55. Nd1 Bf1 0-1

[Event "ITA-ch sf 73rd"]
[Site "Civitanova Marche"]
[Date "2013.07.20"]
[Round "1"]
[White "Bartolozzi, Roberto"]
[Black "Rambaldi, Francesco"]
[Result "0-1"]
[WhiteElo "2102"]
[BlackElo "2347"]
[PlyCount "74"]
[EventDate "2013.07.20"]
[EventType "swiss"]
[EventRounds "9"]
[EventCountry "ITA"]
[SourceTitle "EXT 2015"]
[Source "ChessBase"]
[SourceDate "2014.11.20"]
[SourceVersion "1"]
[SourceVersionDate "2014.11.20"]
[SourceQuality "1"]

1. d4 Nf6 2. Nf3 g6 3. Bf4 Bg7 4. e3 0-0 5. Be2 c5 6. c3 b6 7. Nbd2 Bb7 8. h3 d6 9. 0-0 Nbd7 10. a4 a6 11. Qb3 Ra7 12. Rfd1 Qa8 13. Bf1 Bc6 14. Qa3 Rc8 15. Bh2 Rac7 16. Rdc1 Bb7 17. b4 cxb4 18. cxb4 Nd5 19. Bc4 b5 20. Bxd5 Rxc1+ 21. Rxc1 Bxd5 22. a5 Bxf3 23. Nxf3 Nf6 24. Bf4 Nd5 25. Bg5 Bf8 26. Rxc8 Qxc8 27. e4 Nc3 28. e5 dxe5 29. dxe5 e6 30. Kh2 Nd5 31. Bd2 Qc4 32. h4 Bxb4 33. Bxb4 Qxb4 34. Qd3 Qxa5 35. Ng5 Qc3 36. Qe2 Qc4 37. Qf3 Qf4+ 0-1

[Event "Assisi op-A"]
[Site "Assisi"]
[Date "2006.02.03"]
[Round "2"]
[White "Bondielli, Giorgio"]
[Black "Bartolozzi, Roberto"]
[Result "0-1"]
[WhiteElo "2025"]
[BlackElo "2093"]
[PlyCount "30"]
[EventDate "2006.02.02"]
[EventType "swiss"]
[EventRounds "6"]
[EventCountry "ITA"]
[SourceTitle "EXT 2007"]
[Source "ChessBase"]
[SourceDate "2006.11.23"]
[SourceVersion "1"]
[SourceVersionDate "2006.11.23"]
[SourceQuality "1"]

1. e4 e6 2. d4 d5 3. e5 c5 4. c3 Nc6 5. Nf3 Qb6 6. Bd3 Bd7 7. dxc5 Bxc5 8. 0-0 f6 9. Qe2 fxe5 10. Nxe5 Nxe5 11. Qxe5 Nf6 12. Nd2 Bxf2+ 13. Kh1 0-0 14. Nf3 Bc5 15. Bg5 Ng4 0-1

[Event "Bratto op 25th"]
[Site "Bratto"]
[Date "2005.08.26"]
[Round "7"]
[White "Bartolozzi, Roberto"]
[Black "Pegoraro, Nicola"]
[Result "1-0"]
[WhiteElo "2126"]
[BlackElo "2085"]
[PlyCount "74"]
[EventDate "2005.08.20"]
[EventType "swiss"]
[EventRounds "9"]
[EventCountry "ITA"]
[SourceTitle "CBM 108 Extra"]
[Source "ChessBase"]
[SourceDate "2005.11.04"]
[SourceVersion "1"]
[SourceVersionDate "2005.11.04"]
[SourceQuality "1"]

1. Nf3 d6 2. d4 f5 3. g3 Nf6 4. Bg2 g6 5. c4 Bg7 6. b3 0-0 7. Bb2 Na6 8. 0-0 c6 9. Nbd2 Re8 10. Rc1 Rb8 11. Qc2 c5 12. dxc5 Nxc5 13. b4 Na6 14. a3 e5 15. e3 b6 16. Rfd1 Bb7 17. Qb3 Kh8 18. Ng5 Qe7 19. c5 Bxg2 20. Kxg2 d5 21. Bxe5 bxc5 22. Bxb8 Rxb8 23. Qa4 Rb6 24. bxc5 Nxc5 25. Qh4 h6 26. Rb1 Nfd7 27. Rxb6 axb6 28. Ngf3 g5 29. Qb4 Qf7 30. Nb3 Ne4 31. Nbd4 Bf8 32. Qb2 Bg7 33. Qb4 Bf8 34. Qb3 g4 35. Nh4 Nd6 36. Qb1 Ne4 37. Ndxf5 Bxa3 1-0

[Event "Bratto op 25th"]
[Site "Bratto"]
[Date "2005.08.24"]
[Round "5"]
[White "Bartolozzi, Roberto"]
[Black "Tagliagambe, Stefano"]
[Result "1-0"]
[WhiteElo "2126"]
[BlackElo "2055"]
[PlyCount "85"]
[EventDate "2005.08.20"]
[EventType "swiss"]
[EventRounds "9"]
[EventCountry "ITA"]
[SourceTitle "CBM 108 Extra"]
[Source "ChessBase"]
[SourceDate "2005.11.04"]
[SourceVersion "1"]
[SourceVersionDate "2005.11.04"]
[SourceQuality "1"]

1. d4 Nf6 2. Nf3 c5 3. e3 e6 4. c4 d6 5. Nc3 Nbd7 6. Be2 Be7 7. 0-0 b6 8. d5 e5 9. e4 Nf8 10. Ne1 Ng6 11. Nd3 h6 12. a3 0-0 13. b4 Nd7 14. Bg4 Bg5 15. g3 Bxc1 16. Qxc1 Ba6 17. b5 Bc8 18. a4 Nf6 19. Bxc8 Qxc8 20. a5 h5 21. f3 h4 22. Qd2 hxg3 23. hxg3 Nh5 24. Qh2 Nf6 25. Ra2 Nh7 26. g4 bxa5 27. Qh5 Nf6 28. Qf5 Ne7 29. Qxc8 Nxc8 30. Rxa5 Nb6 31. Nb2 Rfb8 32. Rfa1 Rb7 33. Ne2 Kf8 34. Nc1 Ke7 35. Nb3 Ne8 36. R5a2 Nxc4 37. Nxc4 Rxb5 38. Rxa7+ Rxa7 39. Rxa7+ Kf6 40. Nbd2 Rb8 41. Kf2 Rb4 42. Ke3 Rb8 43. Rd7 1-0

[Event "Gorgonzola op 9th"]
[Site "Gorgonzola"]
[Date "2004.11.20"]
[Round "4"]
[White "Barlocco, Carlo"]
[Black "Bartolozzi, Roberto"]
[Result "1-0"]
[WhiteElo "2108"]
[BlackElo "2115"]
[PlyCount "107"]
[EventDate "2004.11.13"]
[EventType "swiss"]
[EventRounds "6"]
[EventCountry "ITA"]
[SourceTitle "EXT 2007"]
[Source "ChessBase"]
[SourceDate "2006.11.23"]
[SourceVersion "1"]
[SourceVersionDate "2006.11.23"]
[SourceQuality "1"]

1. d4 e6 2. Nc3 d5 3. Bf4 Nf6 4. Nf3 Be7 5. h3 0-0 6. e3 c5 7. Be2 Nc6 8. 0-0 a6 9. Ne5 Bd6 10. Nxc6 bxc6 11. Bxd6 Qxd6 12. Bf3 cxd4 13. exd4 c5 14. Na4 cxd4 15. Qxd4 Rb8 16. b3 e5 17. Qd2 Rd8 18. Rad1 e4 19. Be2 d4 20. Rfe1 Bf5 21. Qa5 Qf4 22. g3 Qg5 23. Qe5 Rbc8 24. h4 Qg6 25. Rxd4 Re8 26. Qf4 Rxc2 27. Bxa6 Rxa2 28. Bb5 Rf8 29. Bc4 h6 30. Nc3 Ra7 31. Nd5 Nxd5 32. Rxd5 Bc8 33. Rd6 Qf5 34. Qxe4 Qxe4 35. Rxe4 Ra1+ 36. Kh2 Bb7 37. Bd5 Bxd5 38. Rxd5 Rb1 39. Rb5 Rd8 40. Rb7 Rb2 41. Kg2 Rdd2 42. Re8+ Kh7 43. Rxf7 Kg6 44. Ree7 Kh5 45. Rf3 g5 46. hxg5 hxg5 47. Re5 Kg6 48. Kh3 Rxf2 49. Rxf2 Rxf2 50. Kg4 Rb2 51. Rxg5+ Kf6 52. Rb5 Rb1 53. Rb6+ Ke5 54. Kg5 1-0

[Event "Bratto op 24th"]
[Site "Bratto"]
[Date "2004.08.20"]
[Round "1"]
[White "Bartolozzi, Roberto"]
[Black "Mantovani, Renzo"]
[Result "1/2-1/2"]
[WhiteElo "2104"]
[BlackElo "2382"]
[PlyCount "39"]
[EventDate "2004.08.20"]
[EventType "swiss"]
[EventRounds "9"]
[EventCountry "ITA"]
[SourceTitle "CBM 101 Extra"]
[Source "ChessBase"]
[SourceDate "2004.09.01"]
[SourceVersion "2"]
[SourceVersionDate "2004.09.01"]
[SourceQuality "1"]

1. Nf3 Nf6 2. d4 c5 3. e3 d5 4. c4 e6 5. Nc3 Nc6 6. Bd3 dxc4 7. Bxc4 a6 8. a4 cxd4 9. exd4 Qa5 10. 0-0 b5 11. Bd3 b4 12. Ne4 Bb7 13. Re1 Be7 14. Nxf6+ Bxf6 15. Be3 0-0 16. Rc1 Be7 17. Nd2 Rfc8 18. Nc4 Qd8 19. d5 Qxd5 20. Nb6 1/2-1/2

[Event "Aosta op 12th"]
[Site "Saint Vincent"]
[Date "2004.02.08"]
[Round "1"]
[White "Bartolozzi, Roberto"]
[Black "Ortega, Lexy"]
[Result "1/2-1/2"]
[WhiteElo "2049"]
[BlackElo "2454"]
[PlyCount "83"]
[EventDate "2004.02.08"]
[EventType "swiss"]
[EventRounds "9"]
[EventCountry "ITA"]
[SourceTitle "CBM 098 Extra"]
[Source "ChessBase"]
[SourceDate "2004.03.10"]
[SourceVersion "2"]
[SourceVersionDate "2004.03.10"]
[SourceQuality "1"]

1. Nf3 c5 2. c4 Nc6 3. Nc3 e5 4. g3 g6 5. Bg2 Bg7 6. 0-0 Nge7 7. d3 d6 8. Rb1 0-0 9. a3 a5 10. Ne1 Be6 11. Nc2 d5 12. cxd5 Nxd5 13. Ne4 Qe7 14. Ng5 Rfd8 15. Nxe6 Qxe6 16. Bd2 Bf8 17. e3 Nde7 18. Qe2 Qd7 19. Ne1 a4 20. f4 exf4 21. Rxf4 f5 22. Kh1 Nd5 23. Rf2 Nf6 24. Bc3 Ng4 25. Rf1 Bg7 26. Bxg7 Qxg7 27. Bxc6 bxc6 28. Rc1 Rab8 29. Rc2 Re8 30. e4 c4 31. Rxc4 Rxb2 32. Rc2 Rb1 33. Rxc6 Qa1 34. h3 Nf6 35. g4 f4 36. Rc7 Nd5 37. Ra7 Ne3 38. Rg1 Rc8 39. Qf2 g5 40. h4 Qf6 41. Qa2+ Rb3 42. Rxa4 1/2-1/2

[Event "Porto Sant Elpidio op-A 6th"]
[Site "Porto Sant Elpidio"]
[Date "2003.11.23"]
[Round "6"]
[White "Bartolozzi, Roberto"]
[Black "Bruno, Fabio"]
[Result "0-1"]
[WhiteElo "2066"]
[BlackElo "2322"]
[PlyCount "100"]
[EventDate "2003.11.15"]
[EventType "swiss"]
[EventRounds "6"]
[EventCountry "ITA"]
[SourceTitle "EXT 2024"]
[Source "ChessBase"]
[SourceDate "2023.10.10"]
[SourceVersion "1"]
[SourceVersionDate "2023.10.10"]
[SourceQuality "1"]

1. Nf3 d5 2. d4 Bf5 3. c4 e6 4. Nc3 c6 5. Qb3 Qb6 6. c5 Qxb3 7. axb3 Na6 8. Bf4 Nb4 9. Kd2 f6 10. e3 e5 11. Bg3 g6 12. Na2 Nxa2 13. Rxa2 exd4 14. exd4 a6 15. Bd3 Bxd3 16. Kxd3 Kd7 17. Re1 Re8 18. Rxe8 Kxe8 19. Ra1 Nh6 20. Re1+ Kd7 21. h3 Nf5 22. Bf4 Ng7 23. Bh6 Ne6 24. Bd2 Be7 25. h4 b6 26. b4 Rb8 27. Kc2 a5 28. bxa5 bxc5 29. Bc3 c4 30. Rd1 Nf4 31. Ne1 Bd8 32. Ra1 Ra8 33. Kd2 h5 34. g3 Ne6 35. Nc2 Bc7 36. a6 Bb6 37. f3 f5 38. Ke2 Ra7 39. Kd2 Bc7 40. f4 Bb6 41. Ke2 Nc7 42. Nb4 c5 43. dxc5 Bxc5 44. Ra5 Bxb4 45. Bxb4 Rxa6 46. Rc5 Rb6 47. Bc3 Rb5 48. Rxb5 Nxb5 49. Be5 d4 50. Kd2 Kc6 0-1

[Event "Porto Sant Elpidio op-A 6th"]
[Site "Porto Sant Elpidio"]
[Date "2003.11.23"]
[Round "5"]
[White "Rinaudo, Sergio"]
[Black "Bartolozzi, Roberto"]
[Result "1/2-1/2"]
[WhiteElo "1921"]
[BlackElo "2066"]
[PlyCount "113"]
[EventDate "2003.11.15"]
[EventType "swiss"]
[EventRounds "6"]
[EventCountry "ITA"]
[SourceTitle "EXT 2024"]
[Source "ChessBase"]
[SourceDate "2023.10.10"]
[SourceVersion "1"]
[SourceVersionDate "2023.10.10"]
[SourceQuality "1"]

1. d4 e6 2. Nf3 Nf6 3. Bg5 d5 4. Nbd2 Nbd7 5. c3 Be7 6. e3 c5 7. Bd3 b6 8. 0-0 Bb7 9. Qa4 0-0 10. Ne5 Nxe5 11. dxe5 Ne4 12. Bxe7 Qxe7 13. Nxe4 dxe4 14. Bxe4 Rfd8 15. Rad1 b5 16. Qc2 g6 17. Rd6 Bd5 18. Rd1 Rxd6 19. exd6 Qxd6 20. Bxd5 exd5 21. Qd3 Rd8 22. Qxb5 Rb8 23. Qe2 a5 24. b3 h5 25. h3 Qe5 26. Qd3 Rd8 27. Rc1 Qc7 28. Qb5 Rb8 29. Qa4 Rd8 30. Rd1 Kg7 31. Qb5 Rb8 32. Qd3 Rd8 33. c4 d4 34. exd4 cxd4 35. Qe4 Qd6 36. g3 Rd7 37. Kg2 d3 38. Rd2 Kg8 39. Qa8+ Kh7 40. Qxa5 Qc6+ 41. Kh2 h4 42. Qg5 hxg3+ 43. Qxg3 Qe4 44. Qe3 Qf5 45. b4 Re7 46. Qxd3 Qf4+ 47. Kg2 Re5 48. Rd1 Rg5+ 49. Kf1 Qh2 50. Qf3 Rg1+ 51. Ke2 Qe5+ 52. Kd3 Qd6+ 53. Kc2 Rxd1 54. Qxd1 Qxb4 55. Qd5 Qa4+ 56. Kd3 Qa3+ 57. Kd4 1/2-1/2

[Event "ITA-chT UISP 23rd"]
[Site "Rimini"]
[Date "2002.12.??"]
[Round "6"]
[White "Bartolozzi, Roberto"]
[Black "Genocchio, Daniele"]
[Result "1-0"]
[WhiteElo "2069"]
[BlackElo "2345"]
[PlyCount "95"]
[EventDate "2002.12.??"]
[EventType "team"]
[EventRounds "6"]
[EventCountry "ITA"]
[SourceTitle "EXT 2024"]
[Source "ChessBase"]
[SourceDate "2023.10.10"]
[SourceVersion "1"]
[SourceVersionDate "2023.10.10"]
[SourceQuality "1"]

1. Nf3 d6 2. d4 g6 3. Bf4 Bg7 4. e3 f5 5. Nbd2 Nf6 6. h3 0-0 7. Be2 Nc6 8. 0-0 Qe8 9. c3 e5 10. Bh2 Kh8 11. dxe5 dxe5 12. Nc4 Ne4 13. Qc2 Nd6 14. Nxd6 cxd6 15. Rad1 Qe7 16. Bg3 Bf6 17. Bc4 Be6 18. Bxe6 Qxe6 19. Qb3 Qxb3 20. axb3 Rfd8 21. Rd2 e4 22. Ne1 Ne5 23. Nc2 Nd3 24. Ne1 Nc1 25. b4 d5 26. Nc2 Nb3 27. Rdd1 a5 28. bxa5 Rd7 29. Nd4 Bxd4 30. exd4 Rxa5 31. Be5+ Kg8 32. g4 Ra2 33. gxf5 gxf5 34. Kh1 Kf7 35. Rg1 Rxb2 36. Rb1 Rxb1 37. Rxb1 Na5 38. Kh2 Nc4 39. Bf4 Kf6 40. h4 b6 41. Rb5 Ke6 42. Rb1 Rg7 43. Bg5 Kd6 44. Ra1 Na5 45. Rg1 Ke6 46. Ra1 Ra7 47. Rb1 Rb7 48. Rg1 1-0

[Event "ITA-chT UISP 23rd"]
[Site "Rimini"]
[Date "2002.12.??"]
[Round "4"]
[White "Bartolozzi, Roberto"]
[Black "Livecchi, Dario"]
[Result "1/2-1/2"]
[WhiteElo "2069"]
[BlackElo "2166"]
[PlyCount "64"]
[EventDate "2002.12.??"]
[EventType "team"]
[EventRounds "6"]
[EventCountry "ITA"]
[SourceTitle "EXT 2024"]
[Source "ChessBase"]
[SourceDate "2023.10.10"]
[SourceVersion "1"]
[SourceVersionDate "2023.10.10"]
[SourceQuality "1"]

1. Nf3 g6 2. d4 Bg7 3. Bf4 d6 4. e3 c5 5. Nbd2 Nf6 6. h3 0-0 7. Be2 Nbd7 8. 0-0 Re8 9. c3 h6 10. a4 e5 11. Bh2 e4 12. Ne1 d5 13. Nc2 c4 14. b3 cxb3 15. Nxb3 b6 16. c4 Bb7 17. a5 Rc8 18. Na3 Bf8 19. Nd2 Bb4 20. axb6 axb6 21. Nb5 Re6 22. Ra7 Bc6 23. Nc7 Re7 24. c5 Nxc5 25. dxc5 Bxc5 26. Nb3 Rexc7 27. Bxc7 Rxc7 28. Qa1 Bd6 29. Rc1 Rxa7 30. Qxa7 Bb8 31. Qa1 Qd6 32. g3 Bd7 1/2-1/2

[Event "ITA-chT UISP 23rd"]
[Site "Rimini"]
[Date "2002.12.??"]
[Round "1"]
[White "Bongiovanni, Marco"]
[Black "Bartolozzi, Roberto"]
[Result "0-1"]
[WhiteElo "1708"]
[BlackElo "2069"]
[PlyCount "92"]
[EventDate "2002.12.??"]
[EventType "team"]
[EventRounds "6"]
[EventCountry "ITA"]
[SourceTitle "EXT 2024"]
[Source "ChessBase"]
[SourceDate "2023.10.10"]
[SourceVersion "1"]
[SourceVersionDate "2023.10.10"]
[SourceQuality "1"]

1. e4 e6 2. d4 d5 3. Nc3 Bb4 4. a3 Bxc3+ 5. bxc3 dxe4 6. f3 e3 7. Bxe3 Nf6 8. Bg5 Nbd7 9. Bd3 c5 10. Nh3 h6 11. Bd2 b6 12. 0-0 Bb7 13. Nf2 Qc7 14. Re1 Qd6 15. Ne4 Nxe4 16. fxe4 cxd4 17. cxd4 Qxd4+ 18. Kh1 0-0 19. Rb1 Ne5 20. Rb3 Rac8 21. Bf4 Rfd8 22. Qh5 Nxd3 23. Rxd3 Qf2 24. Bg3 Qc5 25. Qxc5 bxc5 26. Rde3 Rd2 27. c3 f5 28. Be5 Bxe4 29. Rg3 g5 30. h4 g4 31. Bf4 Rd7 32. Bxh6 Rb8 33. Bf4 Kf7 34. Kg1 Rb2 35. Ra1 Kg6 36. Kf1 Kh5 37. Bg5 a5 38. Re3 Bxg2+ 39. Kg1 Be4 40. Bf6 Rg2+ 41. Kf1 Rh2 42. Rae1 Rh1+ 43. Kf2 Rd2+ 44. R3e2 Rh2+ 45. Kf1 Rhxe2 46. Rxe2 Bd3 0-1